000 00533nam a2200181 4500
001 138686
003 ES-MaACL
005 20230906195620.0
007 t|
008 070214s1903 sp r ||||1| spa d
100 1 _aSantiago Concha, Pedro de.
_9103395
245 1 0 _aBreves apuntes y observaciones sobre el Universo /
_cPedro de Santiago Concha.
260 _aMadrid :
_b[s. n.],
_c1903 (
_fJ. Montero)
300 _a184 p. ;
_c20 x 12 cm.
852 _aES-MaACL
_jG-12291
852 _aES-MaACL
_jD-3014
999 _c138686
_d138686